MARC

LEADER 00000nbm0a2200000 4500
001 352380
005 20231102010507.0
035 |a (RuTPU)RU\TPU\retro\8901 
090 |a 352380 
100 |a 20191220d1976 k y0rusy50 ca 
101 0 |a rus 
102 |a RU 
105 |a a m 001zy 
200 1 |a Разработка моделей и алгоритмов синтеза структур сетей вычислительных центров  |e диссертация на соискание ученой степени кандидата технических наук  |f О. Б. Фофанов  |g Томский политехнический институт ; науч. рук. В. З. Ямпольский 
210 |a Томск  |c [Б. и.]  |d 1976 
215 |a 200 л.  |c ил. 
320 |a Библиогр.: с. 148-155 (91 назв.) 
606 1 |a Локальные сети  |2 stltpush  |3 (RuTPU)RU\TPU\subj\40598  |9 60441 
610 1 |a вычислительные центры 
610 1 |a вычислительные сети 
610 1 |a оптимальная структура 
610 1 |a синтез 
610 1 |a классификационные признаки 
610 1 |a структурные признаки 
610 1 |a объекты 
610 1 |a классификация 
610 1 |a формирование 
610 1 |a модели 
610 1 |a структурная избыточность 
610 1 |a отраслевые сети 
610 1 |a территориальные сети 
610 1 |a проектирование 
610 1 |a диссертации 
610 1 |a труды учёных ТПУ 
675 |a 004.732(04)  |v 4 
700 1 |a Фофанов  |b О. Б.  |c специалист в области информатики и вычислительной техники  |c доцент Томского политехнического университета, кандидат технических наук  |f 1949-  |g Олег Борисович  |2 stltpush  |3 (RuTPU)RU\TPU\pers\26758 
702 1 |a Ямпольский  |b В. З.  |c специалист в области электротехники, кибернетики  |c профессор Томского политехнического университета, доктор технических наук  |c заместитель директора Института кибернетики ТПУ по научной работе  |f 1938-  |g Владимир Захарович  |x TPU  |2 stltpush  |3 (RuTPU)RU\TPU\pers\12100  |4 727 
712 0 2 |a Томский политехнический институт  |c (1944-1991)  |2 stltpush  |3 (RuTPU)RU\TPU\col\1123  |9 23521 
801 1 |a RU  |b 63413507  |c 20191220 
942 |c BK